August 10th: Birthdays - Statistics

General Stats
  • This quiz has been taken 3 times
  • The average score is 3 of 12
Answer Stats
Year Clue Answer % Correct
1960 Actor in Zorro Antonio Banderas
100%
1814 Founder of Nestlé Henri Nestlé
50%
1874 US President Herbert Hoover
50%
1898 Actor in The Wizard of Oz Jack Haley
50%
1782 Conquered Sindh Charles Napier
0%
1856 Oil Tycoon Edward Doheny
0%
1868 Commander of Graf Zeppelin Hugo Eckener
0%
1997 Billionare Kylie Jenner
0%
1902 Actress in Escape Norma Shearer
0%
1967 Olympic silver 1988 Riddick Bowe
0%
1959 Actress in After Hours Rosanna Arquette
0%
1729 British Military Leader William Howe
0%
No matching quizzes found
Score Distribution
Percent of People with Each Score
Percentile by Number Answered
Your Score History
You have not taken this quiz